<?xml version="1.0" encoding="UTF-8"?><?xml-stylesheet type="text/xsl" href="static/style.xsl"?><OAI-PMH xmlns="http://www.openarchives.org/OAI/2.0/" xmlns:xsi="http://www.w3.org/2001/XMLSchema-instance" xsi:schemaLocation="http://www.openarchives.org/OAI/2.0/ http://www.openarchives.org/OAI/2.0/OAI-PMH.xsd"><responseDate>2026-06-04T08:59:21Z</responseDate><request verb="GetRecord" identifier="oai:recam.amb.cat:20.500.14439/2093" metadataPrefix="marc">https://recam.amb.cat/rest/oai/request</request><GetRecord><record><header><identifier>oai:recam.amb.cat:20.500.14439/2093</identifier><datestamp>2024-12-08T18:12:55Z</datestamp><setSpec>com_20.500.14439_113</setSpec><setSpec>col_20.500.14439_114</setSpec></header><metadata><record xmlns="http://www.loc.gov/MARC21/slim" xmlns:dcterms="http://purl.org/dc/terms/" xmlns:xsi="http://www.w3.org/2001/XMLSchema-instance" xmlns:doc="http://www.lyncode.com/xoai" xsi:schemaLocation="http://www.loc.gov/MARC21/slim http://www.loc.gov/standards/marcxml/schema/MARC21slim.xsd">
   <leader>00925njm 22002777a 4500</leader>
   <datafield ind2=" " ind1=" " tag="042">
      <subfield code="a">dc</subfield>
   </datafield>
   <datafield ind2=" " ind1=" " tag="720">
      <subfield code="a">Ramos, Raül</subfield>
      <subfield code="e">author</subfield>
   </datafield>
   <datafield ind2=" " ind1=" " tag="720">
      <subfield code="a">Suriñach, Jordi</subfield>
      <subfield code="e">author</subfield>
   </datafield>
   <datafield ind2=" " ind1=" " tag="260">
      <subfield code="c">2016-02-01</subfield>
   </datafield>
   <datafield ind2=" " ind1=" " tag="520">
      <subfield code="a">Aquest estudi, a partir de diferents experiències internacionals, analitza els efectes que genera en un territori la implantació d'un salari mínim diferent de l'existent a escala estatal.Els autors, a partir de l'anàlisi d'estudis i publicacions acadèmiques, identifiquen els principals impactes de l'aplicació d'aquesta mesura i reflexionen sobre les qüestions que caldria plantejar-se a l'àrea metropolitana de Barcelona abans d'emprendre mesures per adoptar un salari mínim per sobre del nivell estatal.L'estudi està promogut per la Fundació Boch i Gimpera, el Laboratori de Transferència en Economia Aplicada (AQR-Lab) i la Universitat de Barcelona, amb la col·laboració de l'Àrea Metropolitana de Barcelona.</subfield>
   </datafield>
   <datafield ind1="8" ind2=" " tag="024">
      <subfield code="a">https://hdl.handle.net/20.500.14439/2093</subfield>
   </datafield>
   <datafield ind1="8" ind2=" " tag="024">
      <subfield code="a">5430641</subfield>
   </datafield>
   <datafield tag="653" ind2=" " ind1=" ">
      <subfield code="a">Salaris mínims</subfield>
   </datafield>
   <datafield ind2="0" ind1="0" tag="245">
      <subfield code="a">Estudi sobre l'impacte de l'adopció d'un salari mínim a nivell local. Evidència internacional</subfield>
   </datafield>
</record></metadata></record></GetRecord></OAI-PMH>